Aladdin - Characters by picture - Statistics

General Stats
  • This quiz has been taken 51 times
  • The average score is 10 of 15
Answer Stats
Picture Answer % Correct
Genie
100%
Princess Jasmine
100%
Aladdin
98%
Abu
96%
Jafar
96%
Magic Carpet
96%
Sultan
78%
Iago
72%
Rajah
65%
Cave of wonders
54%
Razoul
39%
Peddler
35%
Farouk
33%
Gazeem
33%
Prince Achmed
28%
No matching quizzes found
Score Distribution
Percent of People with Each Score
Percentile by Number Answered
Your Score History
You have not taken this quiz